| 000 | 00830nam a2200205Ii 4500 | ||
|---|---|---|---|
| 003 | JO-AjNU | ||
| 008 | 230605s9999||||xx |||||||||||||| ||und|| | ||
| 040 |
_aJO-AjNU _bara _erda _cJO-AjNU |
||
| 041 | _aara | ||
| 050 | 1 | 4 | _aPJ7698 .ِِA23 2005 |
| 100 | 3 |
_aشرح عبده، محمد؛ مراجعة صبحي صندوق, _eauthor _97514 |
|
| 245 | 0 | 0 | _aرسائل أمير المؤمنين علي بن أبي طالب عليه السلام: ما اختاره الشريف الرضي من كلام أمير المؤمنين علي بن أبي طالب |
| 250 | _aط1 | ||
| 264 | 3 | 1 | _aدمشق: دار الكوثر، 2005 |
| 300 | _a128ص | ||
| 336 |
_atext _btxt _2rdacontent |
||
| 337 |
_aunmediated _bn _2rdamedia |
||
| 338 |
_avolume _bnc _2rdacarrier |
||
| 650 | 4 |
_aالشعر العربي - عصر صدر الإسلام _97515 |
|
| 999 |
_aA318 _c3886 _d3886 |
||